000 01221nam0a22003131 4500
001 v19\rc\2054068
005 20250620031634.0
035 _a(NLR Aleph) 005146870
090 _a4861483
_c4861483
100 _a20081111d1907 |||y0rusy50 ca
101 1 _arus
_cfre
102 _aRU
105 _ay z |||a|
200 1 _aParisatis
_dПаризатис
_e(Царица Персии)
_eДрама Дьелафуа
_e[Краткое либретто]
_fМуз. К. Сен-Санс
_gПер. Э. Орловой
_zrus
210 _aСанкт-Петербург
_cТип. имп. Спб. театров
_d[1907]
215 _a[4] с.
309 _aБез тит. л. и обл.
510 0 _aПаризатис
_zrus
517 0 _aЦарица Персии
702 1 _4570
_7ca
_8rus
_aДьелафуа
_bЖ.
_f1851-1916
_gЖанна
_9172011
_3RU\NLR\AUTH\770172061
702 1 _4230
_7ca
_8rus
_aСен-Санс
_bК.
_f1835-1921
_gКамиль
_9229465
_3RU\NLR\AUTH\770229521
702 1 _aОрлова
_bЭ.
_4730
790 1 _6z01702
_aСанс
_bШ.К.
_f1835-1921
_gШаль Камилл
801 0 _aRU
_bNLR
_gpsbo
801 1 _aRU
_bProSoft-M
_2rusmarc
852 _aNLR
_j34.85.6.98
942 _cBOOK
980 _aNB